Get the Picture: Sports Movies Quiz Stats

 Plays Quiz Updated Mar 27, 2019

Score 0/20 Timer 03:00
2 Plays Today
Question Answer Wrong Answers
White Men Can't Jump Basketball
94.7%
American Football
1.2%
Soccer
0.6%
Baseball
0.4%
Bend It Like Beckham Soccer
94.6%
American Football
1.5%
Baseball
0.4%
Basketball
0.5%
Space Jam Basketball
93.7%
American Football
1.3%
Soccer
0.8%
Baseball
1%
Remember the Titans American Football
91.5%
Soccer
1%
Baseball
2.3%
Basketball
2%
The Blind Side American Football
89.5%
Soccer
2.2%
Baseball
3%
Basketball
1.8%
The Waterboy American Football
88.2%
Soccer
2.2%
Baseball
4.4%
Basketball
2%
The Sandlot Baseball
87.2%
American Football
4.9%
Soccer
2.4%
Basketball
2.2%
The Damned United Soccer
87.2%
American Football
4.9%
Baseball
2.8%
Basketball
1.9%
Friday Night Lights American Football
86.5%
Soccer
2.4%
Baseball
4.5%
Basketball
3%
Field of Dreams Baseball
86.3%
American Football
5.5%
Soccer
4.6%
Basketball
0.4%
Kicking & Screaming Soccer
85.6%
American Football
7.9%
Baseball
1.5%
Basketball
1.5%
A League of Their Own Baseball
85.4%
American Football
4.3%
Soccer
5.7%
Basketball
1.4%
Moneyball Baseball
81.8%
American Football
6.3%
Soccer
2.9%
Basketball
5.8%
Rudy American Football
77.8%
Soccer
4%
Baseball
9.9%
Basketball
5%
Like Mike Basketball
76.8%
American Football
9.6%
Soccer
4.7%
Baseball
5.4%
Hoosiers Basketball
71%
American Football
14.5%
Soccer
3.4%
Baseball
7.9%
42 Baseball
70.8%
American Football
15.9%
Soccer
4.3%
Basketball
5.7%
Coach Carter Basketball
63.3%
American Football
27.3%
Soccer
2.2%
Baseball
4.1%
She's the Man Soccer
63%
American Football
14.1%
Baseball
6.5%
Basketball
13.1%
The Big Green Soccer
57.2%
American Football
26.3%
Baseball
11.2%
Basketball
2.1%

Today's Daily Dose

Missing Word
1940s A-Z

Quick Pick
'S' Athletes

Get the Picture
Depp or Bonham Carter

You're not logged in!

Compare scores with friends on all Sporcle quizzes.
OR
Log In

Sporcle TV

Today on Sporcle TV


Watch our educational content, quiz creation guides, and fun videos on Sporcle TV.

Show Comments

Extras

Top Quizzes Today


Score Distribution

Your Account Isn't Verified!

In order to create a playlist on Sporcle, you need to verify the email address you used during registration. Go to your Sporcle Settings to finish the process.

Report this User

Report this user for behavior that violates our Community Guidelines.

Details: